| 000 | 00418nam a2200169Ia 4500 | ||
|---|---|---|---|
| 008 | 230524s9999 xx 000 0 und d | ||
| 020 | _a8120324080 | ||
| 082 |
_a621.382 _bWEE |
||
| 100 | _aArthur R Weeks | ||
| 245 | 0 | _aFundamentals of Electronic Image Processing | |
| 250 | _a1ST | ||
| 260 |
_aNEW DELHI _bPHI _c2005 |
||
| 300 | _aIX;557 | ||
| 500 | _aQuantity Number: 4 | ||
| 650 | _aElectronics | ||
| 942 | _cBK | ||
| 999 |
_c31530 _d31530 |
||